Statistiques concernant Culture Générale - Série 1917

Cliquez ici pour prendre le quiz!

Statistiques générales

  • Ce quiz a été pris 62 fois
  • Le résultat moyen est 3 sur 10

Statistiques - réponses

QuestionRéponse% Correct
Ce poisson a le même nom qu'une arme d'escrime. voir photosabre
76%
Qui a écrit "Pêcheur d'Islande" ?Pierre Loti
56%
Dans quel pays européen se trouve la ville d'Aarau ?Suisse
47%
Que poète latin a écrit " l'Art d'aimer" et "les Métamorphoses" ?Ovide
35%
Dans quel pays européen se trouve la ville de Tioumen ?Russie
19%
Comment s'appelle la colline d'Arès à Athènes ?aéropage
6%
Quel fleuve côtier du département du Finistère traverse les communes de Landivisiau et de Landerneau ?Elorn
5%
Quel animal cacabe (inusité) ?perdrix
5%
Comment appelait-on le petit sanctuaire destiné au culte des Lares, les dieux du foyer ?laraire
3%
Quel mot désigne : une grande place d'une ville italienne, une savane sans arbres, le repos donné à un élève ?campo
2%

Distribution des résultats

Percentile par nombre de réponses

% des personnes avec chaque résultat

Votre développement - résultats

Vous n’avez pas pris ce quiz